02445nam a2200361 a 4500001001200000003000800012006001900020007001500039008004100054010001700095016001900112020004200131020003900173040002100212035002100233050002300254082001500277245018200292260003800474300001500512490005800527504006600585505096800651533015201619650001601771655002901787700003001816700003001846710001701876830004701893856012601940999001702066ebr10349143CaPaEBRm u cr cn|||||||||080922s2009 ne sb 001 0 eng  z 20080416357 zB09051062bccb z9789004173163 (hardback : alk. paper) z9004173161 (hardback : alk. paper) aCaPaEBRcCaPaEBR a(OCoLC)56865942714aBL221b.B68 2009eb04a201/.422204aThe boundaries of monotheismh[electronic resource] :binterdisciplinary explorations into the foundations of western monotheism /cedited by Anne-Marie Korte, Maaike de Haardt. aLeiden ;aBoston :bBrill,c2009. avi, 247 p.1 aStudies in theology and religion,x1566-208X ;vv. 13 aIncludes bibliographical references (p. [223]-240) and index.0 aA unique instability? : exploring the boundaries of monotheism : introduction / Anne-Marie Korte -- The boundaries of Israelite monotheism / Bob Becking -- The Divine Messiah : early Jewish monotheism and the New Testament / Patrick Chatelion Counet -- Monotheistic to a certain extent : the "good neighbours" of God in Ireland / Jacqueline Borsje -- The return of the gods : the clash between monotheism and polytheism in German romanticism / Bert Blans & Marcel Poorthuis -- The unity of God / Ren�e Munnik -- The whole of life : beyond the boundaries of monotheism? / Maaike de Haardt -- One unique God for all parts of life : reconsidering an exclusive tradition / Kune Biezeveld -- Dialogical theology as an answer to the aporias of monotheism / Akke van der Kooi -- God judging "in the midst of the gods" (Psalm 82:1) : confessing to one God after cultural monotheism / Erik Borgman -- The boundaries and gifts of monotheism : epilogue / Anne-Marie Korte. aElectronic reproduction.bPalo Alto, Calif. :cebrary,d2013.nAvailable via World Wide Web.nAccess may be limited to ebrary affiliated libraries. 0aMonotheism. 7aElectronic books.2local1 aKorte, Anne-Marie,d1957-1 aHaardt, Maaike de,d1954-2 aebrary, Inc. 0aStudies in theology and religion ;vv. 13.40uhttp://site.ebrary.com/lib/rucke/Doc?id=10349143zAn electronic book accessible through the World Wide Web; click to view c42251d42251